Nositelé Nobelovy ceny za ekonomii za rok 2007
O Nobelovu cenu za ekonómiu sa v roku 2007 rozdelili traja Američania za práce z oblasti kvantitatívnej ekonómie, resp. ekonometrie. Stručný pohľad na život a profesnú dráhu Leonida Hurwitza, Eric Stark Maskina a Roger Bruce Myersona.
Na minha lista:
| Autor principal: | |
|---|---|
| Formato: | Capítulo de Livro |
| Idioma: | tcheco |
| Assuntos: | |
| Tags: |
Sem tags, seja o primeiro a adicionar uma tag!
|
MARC
| LEADER | 00000naa$a2200000$$$4500 | ||
|---|---|---|---|
| 001 | 0081066 | ||
| 005 | 20231019131528.1 | ||
| 041 | 0 | |a cze | |
| 044 | |a CZ | ||
| 245 | 1 | 0 | |a Nositelé Nobelovy ceny za ekonomii za rok 2007 |c Pavel Sirůček |
| 520 | |a O Nobelovu cenu za ekonómiu sa v roku 2007 rozdelili traja Američania za práce z oblasti kvantitatívnej ekonómie, resp. ekonometrie. Stručný pohľad na život a profesnú dráhu Leonida Hurwitza, Eric Stark Maskina a Roger Bruce Myersona. | ||
| 610 | 2 | 0 | |a Nobelova cena |
| 610 | 2 | 0 | |a ekonometria |
| 610 | 2 | 0 | |a metódy kvantitatívne |
| 610 | 2 | 0 | |a Hurwitcz, L. |
| 610 | 2 | 0 | |a Maskin, E. |
| 610 | 2 | 0 | |a Myerson, R. |
| 610 | 2 | 0 | |a 2007 |
| 100 | 1 | |a Sirůček, Pavel | |